| 000 | 00399nam a2200145Ia 4500 | ||
|---|---|---|---|
| 008 | 211109s9999||||xx |||||||||||||| ||und|| | ||
| 082 |
_a894.8124 _bKAR-K |
||
| 100 | _aKarassery, M N | ||
| 245 | 0 | _aKurimanam | |
| 260 |
_bMalayalam Publications _aCalicut _c1987 |
||
| 300 | _a116p | ||
| 630 | _xGENERAL STACK | ||
| 650 |
_aMALAYALAM _vMALAYALAM LITERATURE _xMALAYALAM ESSAYSMalayalam |
||
| 942 | _cBOOK | ||
| 999 |
_c38884 _d38884 |
||